000 00482nam a22001937a 4500
003 NUST - PNEC
005 20170116180941.0
008 150906b xxu||||| |||| 00| 0 eng d
020 _a9780070583733
020 _a0070583730
040 _cLIBRARY
082 _a670.285 RAO
100 _98369
_aRao, P. N.
245 _aCAD/CAM : principles and applications
_cP. N. Rao
250 _a3rd ed.
260 _cc.2004
650 _98371
_aCAD/CAM systems
_xMIS
942 _2ddc
_cBK
999 _c66142
_d66142